zpět

Detail výsledku týmu

The Pub Praha 2 PO, Praha

Datum a čas kvízu

35.5 Celkem bodů Celkový počet nahraných bodů na tomto kvízu bez doplňovacích otázek.
3. Pořadí na kvízu Konečné umístění týmu na tomto kvízu.

Zaznamenané odpovědi

# Otázka Odpověď Body Výsledky
1. Neustálé zdražování služeb Čes... Zásilkovna 1
2. Saúdská Arábie jmenovala svoji... Spojené státy americké 0
3. Svět módy přišel v úterý o svo... C 0
4. Jak se nazývá země, jejíž auto... Izrael 1
5. Kterému z těchto týmů se nepod... C 1
6. Cestovatel Miroslav Zikmund os... Tatra 87 1
7. Na začátku své výpravy, dne 8.... Casablanca, Maroko 1
8. Dne 28. ledna 1948 vztyčili ce... C 0
9. V prvním červencovém týdnu se... Buenos Aires 1
10. Kdo by se chtěl o výpravách ob... ve Zlíně 0